Statistiques concernant Préfixes pour unités de mesures

Cliquez ici pour prendre le quiz!

Statistiques générales

  • Ce quiz a été pris 244 fois
  • Le résultat moyen est 14 sur 20

Statistiques - réponses

AbréviationsPuissances de 10 correspondantesPréfixes% Correct
c10 puissance -2Centi
99%
d10 puissance -1Déci
99%
k10 puissance 3Kilo
98%
da10 puissance 1Déca
97%
h10 puissance 2Hecto
97%
M10 puissance 6Méga
96%
µ10 puissance -6Micro
96%
m10 puissance -3Milli
96%
G10 puissance 9Giga
95%
n10 puissance -9Nano
95%
T10 puissance 12Téra
88%
p10 puissance -12Pico
79%
f10 puissance -15Femto
60%
P10 puissance 15Péta
50%
Z10 puissance 21Zetta
43%
Y10 puissance 24Yotta
36%
E10 puissance 18Exa
20%
y10 puissance -24Yocto
20%
a10 puissance -18Atto
19%
z10 puissance -21Zepto
15%

Distribution des résultats

Percentile par nombre de réponses

% des personnes avec chaque résultat

Votre développement - résultats

Vous n’avez pas pris ce quiz